Sports Quiz

Random Sports Quiz

Over (O)/Under (U): Alex Rodriguez: Random Forced Order Quiz Stats

 Plays Quiz not verified by Sporcle

Challenge
Share
Tweet
Embed
Score 0/52 Timer 01:30
0 Plays Today
Statistic/Award O/U % Correct
2000 Career RBIO
83.3%
1 Season Of 400 TBU
83.3%
15 Career ASU
79.2%
9 Career SSO
79.2%
2000 Career KO
79.2%
2000 Career RU
79.2%
50 Career 3BU
79.2%
1 Season Of 140 RBIO
79.2%
1 Season Of 50 HR At 1 PositionO
79.2%
7 Seasons Of 120 RO
79.2%
4 AS With RangersU
79.2%
No Season Of .350 AVGO
75%
2 Career WSU
75%
No Season Of 40 SBO
75%
3000 Career HO
75%
500 Career 2BO
75%
400 Career SBU
75%
10 Seasons Of 40 HRU
75%
14 Seasons Of 30 HRO
75%
5 Seasons Of 20 HR/20 SBO
75%
No Season Of 50 2BO
75%
17 Seasons Of 20 HRO
75%
Career .500 SLGO
75%
1500 Career BBU
75%
6 AS With YankeesO
75%
4 Seasons Of 700 PAO
75%
Statistic/Award O/U % Correct
12 Seasons Of 10 SBO
75%
8 Seasons Of .300 AVGO
75%
2 Seasons Of < 100 GO
75%
3 AS With MarinersO
75%
2 Seasons Of 650 ABU
75%
1 Season Of 50 HR/10 SBO
75%
3 Career GGU
70.8%
2 Seasons Of 50 HRO
70.8%
2 Seasons Of 30 SBU
70.8%
Career .300 AVGU
70.8%
Career .400 OBPU
70.8%
2 Seasons Of 150 RBIU
70.8%
15 Seasons Of 30 HR/100 RBIU
70.8%
2 Teams Played ForO
70.8%
1 Career WS MVPU
70.8%
2 Seasons Of 200 HO
70.8%
9 Seasons Of 120 RBIU
70.8%
10 Seasons Of 30 2BU
70.8%
3 Seasons Of 5 3BU
70.8%
5 Seasons Of 150 OPS+O
70.8%
3 Seasons Of 40 2BU
70.8%
700 Career HRU
66.7%
2 Seasons Of 161 GO
66.7%
2 Seasons Of 20 HR/40 SBU
66.7%
Career .950 OPSU
62.5%
2 Seasons Of 100 BBU
58.3%

You're not logged in!

Compare scores with friends on all Sporcle quizzes.
Join for Free
OR
Log In

You Might Also Like...

Show Comments

Extras

Top Quizzes Today


Score Distribution

Your Account Isn't Verified!

In order to create a playlist on Sporcle, you need to verify the email address you used during registration. Go to your Sporcle Settings to finish the process.

Report this User

Report this user for behavior that violates our Community Guidelines.

Details: